000 01105nam0a22002771 4500
001 rc\160471
005 20030307112850.9
035 _a(NLR Aleph) 005426034
090 _a7526884
_c7526884
100 _a20030307d1997 u |0rusy50 ca
101 0 _arus
102 _aRU
105 _ay |||||||||
200 1 _aЦыганское Сердце
_e[Сб.]
_fЛев Мирошников, Аза Колесникова
210 _aСПб.
_cЧетверг
_d1997
215 _a24 с.
_d9
327 1 _aСодерж.: Имя на карте / А. Мирошников. Счастливые находки одного маршрута / А. Колесникова
464 0 _12001#$aИмя на карте
_1700#1$aМирошников$bА.
464 0 _12001#$aСчастливые находки одного маршрута
_1700#1$aКолесникова$bА.
700 1 _aМирошников
_bЛ.
_gЛев
701 1 _aКолесникова
_bА. М.
_gАза Михайловна
801 0 _aRU
_bNLR
_gpsbo
801 1 _aRU
_bELAR
_2rusmarc
852 _aNLR
_j72-0/838
942 _cBOOK
980 _aNB